| 000 | 00816nam a2200241Ia 4500 | ||
|---|---|---|---|
| 003 | 0 | ||
| 005 | 20250129095454.0 | ||
| 008 | 190208s9999 xx 000 0 und d | ||
| 050 |
_aPGS LC 1390 _b.M266 2016 |
||
| 100 | _aManalo, Reyonce Yumina V. | ||
| 245 |
_aTeaching methods and academic performance / _cReyonce Yumina V. Manalo. |
||
| 260 |
_aLas Pinas City, Philippines : _bSouthville International School and Colleges, _c2016. |
||
| 300 |
_a24 p. : _bill. ; _c28 cm. |
||
| 504 | _aInclude bibliographical references. | ||
| 650 | _aTeaching methods. | ||
| 650 | _aAcademic achievement. | ||
| 650 | _aEducational performance. | ||
| 650 |
_aLearning _vEffectiveness. |
||
| 650 |
_aTeaching _vEffectiveness. |
||
| 650 | _aInstructional systems. | ||
| 650 |
_aEducation _vEffectiveness. |
||
| 942 |
_2lcc _cPASS |
||
| 999 |
_c361277 _d361277 |
||